Central Library OPAC University of Rajshahi

Nietzsche / (Record no. 31866)

MARC details
000 -LEADER
fixed length control field 01245nam a2200313 a 4500
001 - CONTROL NUMBER
control field 31866
003 - CONTROL NUMBER IDENTIFIER
rucl marc code BD-RjUL
005 - DATE AND TIME OF LATEST TRANSACTION
control field 20211209051747.0
008 - FIXED-LENGTH DATA ELEMENTS--GENERAL INFORMATION
fixed length control field 140422s1961 cau b 000 0 eng d
035 ## - SYSTEM CONTROL NUMBER
System control number (BD-RjUL)31954
System control number (OCoLC)798323443
040 ## - CATALOGING SOURCE
Original cataloging agency BD-RjUL
Language of cataloging eng
Transcribing agency BD-RjUL
041 1# - LANGUAGE CODE
Language code of text/sound track or separate title eng
Language code of original ger
082 04 - DEWEY DECIMAL CLASSIFICATION NUMBER
Classification number 193
Author mark and year HEN V-2 1961
100 1# - MAIN ENTRY--PERSONAL NAME
Personal name Heidegger, Martin,
Dates associated with a name 1889-1976.
9 (RLIN) 2758
245 10 - TITLE STATEMENT
Title Nietzsche /
Statement of responsibility, etc. Martin Heidegger ; translated from the German by David Farrell Krell.
260 ## - PUBLICATION, DISTRIBUTION, ETC. (IMPRINT)
Place of publication, distribution, etc. Auflage :
Name of publisher, distributor, etc. Neske,
Date of publication, distribution, etc. 1961.
300 ## - PHYSICAL DESCRIPTION
Pagination 492 p. ;
Size 21 cm.
500 ## - GENERAL NOTE
General note Translation of: Nietzsche. First published, 1961. Translation first published 1979, 1984
General note Originally published in 4 v. by Harper & Row, 1979-1987
504 ## - BIBLIOGRAPHY, ETC. NOTE
Bibliography, etc Includes bibliographical references
505 0# - FORMATTED CONTENTS NOTE
Formatted contents note v.1. The will to power as art ; The eternal recurrence of the same / translated from the German by David Farrell Krell -- v. 2. The will to power as knowledge and as metaphysics ; Nihilism / edited by David Farrell Krell.
600 10 - SUBJECT ADDED ENTRY--PERSONAL NAME
Personal name Nietzsche, Friedrich Wilhelm,
Dates associated with a name 1844-1900.
700 1# - ADDED ENTRY--PERSONAL NAME
Personal name Band Zweiter
942 ## - ADDED ENTRY ELEMENTS (KOHA)
Source of classification or shelving scheme Dewey Decimal Classification
Koha item type Books
Holdings
Lost status Source of classification or shelving scheme Damaged status Not for loan Collection code Permanent Location Current Location Shelving location Date acquired Source of acquisition Cost, normal purchase price Total Checkouts Full call number Date last seen Copy number Koha item type
  Dewey Decimal Classification   Not For Loan Non-fiction Central Library, University of Rajshahi Central Library, University of Rajshahi Reading Room 12/03/1963 Zeitlinger 0.00   193 HEN V-2 1961 22/04/2014 C-1 Books